000 00337nam a22001337a 4500
008 250303b |||||||| |||| 00| 0 eng d
020 _a9780470840986
050 _aQC981.8
_b.M39
100 _aMay Elizabeth
245 _aGlobal Warming for Dummies
260 _aCanada
_bJohn Wiley & Sons Inc
_c2014
300 _axviii,362p
942 _cBK
999 _c2042
_d2042